| 000 | 00000nam 2200000za 4500 |
| 001 | 9.839627 |
| 003 | CaOODSP |
| 005 | 20250403105943 |
| 007 | cr ||||||||||| |
| 008 | 170713s1982 oncab #osc f|0| 0 fre d |
| 040 | |aCaOODSP|bfre |
| 043 | |an-cn--- |
| 086 | 1 |aCS99-981/1981F-PDF |
| 110 | 2 |aStatistique Canada. |
| 245 | 10|aProduits et services du recensement du Canada de 1981 |h[ressource électronique]. |
| 246 | 1 |iEn tête du titre:|aRecensement du Canada de 1981 |
| 260 | |aOttawa : |bStatistique Canada, |c1982. |
| 300 | |a153 p. : |bill., cartes |
| 500 | |aÉdition numérisée de l’imprimé [par Statistique Canada.] |
| 500 | |aPublié aussi en anglais sous le titre : Products and services of the 1981 Census of Canada. |
| 500 | |a« Juin 1982. » |
| 520 | |a« Le prèsent document renseigne les utilisateurs et présente sommairement les produits et services prévus du recensement de 1981. Les produits finals figureront au catalogue de Statistique Canada dès leur parution. ... »--Intro. |
| 692 | 07|2gccst|aRecensement |
| 692 | 07|2gccst|aCatalogue |
| 775 | 08|tProducts and services of the 1981 Census of Canada |w(CaOODSP)9.839622 |
| 856 | 40|qPDF|s5.55 Mo|uhttps://publications.gc.ca/collections/collection_2017/statcan/CS99-981-1981-fra.pdf |
| 986 | |a6-5200-829 |